| 000 -LEADER |
| fixed length control field |
nam a22 a 4500 |
| 003 - CONTROL NUMBER IDENTIFIER |
| control field |
AKMAL |
| 005 - DATE AND TIME OF LATEST TRANSACTION |
| control field |
20170505085730.0 |
| 008 - FIXED-LENGTH DATA ELEMENTS--GENERAL INFORMATION |
| fixed length control field |
170505s20091982enk e 001 0 eng d |
| 020 ## - INTERNATIONAL STANDARD BOOK NUMBER |
| International Standard Book Number |
0860371573 (pbk.) |
| 020 ## - INTERNATIONAL STANDARD BOOK NUMBER |
| International Standard Book Number |
9780860371571 (pbk.) |
| 020 ## - INTERNATIONAL STANDARD BOOK NUMBER |
| International Standard Book Number |
9789675068119 (pbk.) : |
| Terms of availability |
RM35.00 |
| 039 #9 - LEVEL OF BIBLIOGRAPHIC CONTROL AND CODING DETAIL [OBSOLETE] |
| Level of rules in bibliographic description |
201408311237 |
| Level of effort used to assign nonsubject heading access points |
manoriah_oclc |
| Level of effort used to assign subject headings |
201107181034 |
| Level of effort used to assign classification |
marsila |
| Level of effort used to assign subject headings |
201012151415 |
| Level of effort used to assign classification |
jalil |
| Level of effort used to assign subject headings |
200906151612 |
| Level of effort used to assign classification |
avid2 |
| 040 ## - CATALOGING SOURCE |
| Original cataloging agency |
AKMAL |
| Transcribing agency |
AKMAL |
| 049 ## - LOCAL HOLDINGS (OCLC) |
| Holding library |
klpmal |
| 082 04 - DEWEY DECIMAL CLASSIFICATION NUMBER |
| Classification number |
297 MAW |
| Edition number |
22 |
| 090 00 - LOCALLY ASSIGNED LC-TYPE CALL NUMBER (OCLC); LOCAL CALL NUMBER (RLIN) |
| Classification number (OCLC) (R) ; Classification number, CALL (RLIN) (NR) |
297 |
| Local cutter number (OCLC) ; Book number/undivided call number, CALL (RLIN) |
MAW |
| 090 20 - LOCALLY ASSIGNED LC-TYPE CALL NUMBER (OCLC); LOCAL CALL NUMBER (RLIN) |
| Classification number (OCLC) (R) ; Classification number, CALL (RLIN) (NR) |
297 |
| Local cutter number (OCLC) ; Book number/undivided call number, CALL (RLIN) |
MAW |
| 100 1# - MAIN ENTRY--PERSONAL NAME |
| Personal name |
Maududi, Sayyid Abul 'Ala, |
| Titles and words associated with a name |
Maulana, |
| Dates associated with a name |
1903-1979 |
| 9 (RLIN) |
1567 |
| 245 10 - TITLE STATEMENT |
| Title |
Let us be Muslims / |
| Statement of responsibility, etc. |
Sayyid Abul A'la Mawdudi ; edited by Khurram Murad |
| 260 ## - PUBLICATION, DISTRIBUTION, ETC. |
| Place of publication, distribution, etc. |
London : |
| Name of publisher, distributor, etc. |
The Islamic Foundation, |
| Date of publication, distribution, etc. |
2009, c1982 |
| 300 ## - PHYSICAL DESCRIPTION |
| Extent |
311p. ; |
| Dimensions |
21cm. |
| 500 ## - GENERAL NOTE |
| General note |
Includes index |
| 650 10 - SUBJECT ADDED ENTRY--TOPICAL TERM |
| Topical term or geographic name entry element |
Islam |
| 9 (RLIN) |
922 |
| 700 0# - ADDED ENTRY--PERSONAL NAME |
| Personal name |
Khurram Murad |
| 9 (RLIN) |
1568 |
| 710 2# - ADDED ENTRY--CORPORATE NAME |
| Corporate name or jurisdiction name as entry element |
Islamic Foundation |
| 9 (RLIN) |
1569 |
| 942 ## - ADDED ENTRY ELEMENTS (KOHA) |
| Source of classification or shelving scheme |
|
| Koha item type |
Book |